| 000 | 00486nam a2200169Ia 4500 | ||
|---|---|---|---|
| 003 | GCL | ||
| 008 | 140319s9999 xx 000 0 eng d | ||
| 040 |
_aGCL / _cGCL |
||
| 082 | 0 | 4 |
_a780.92 _bB C |
| 100 | 1 | _aBAKER, THEODARE | |
| 245 | 1 | 0 |
_aTHE CONCISE EDITION OF BAKER'S BIOGRAPHICAL DICTIONARY OF MUSICIANS / _cBAKER, THEODARE |
| 260 |
_a[S.N] : _bSCHIRMER BOOKS ، _c1993 |
||
| 300 | _a1155 P | ||
| 650 | 0 | 4 | _aMUSIC - DICTIONARY |
| 650 | 0 | 4 | _aMUSIC - BIBLIOGRAPHY |
| 942 |
_2ddc _cBK |
||
| 999 |
_c12072 _d12072 |
||